| 000 | 00717nam a22002057a 4500 | ||
|---|---|---|---|
| 999 |
_c17256 _d17256 |
||
| 003 | AR-CdUCM | ||
| 008 | 190507b ||||| |||| 00| 0 spa d | ||
| 040 |
_aMUNICIPALIDAD PROVINCIAL DEL CUSCO _cBIBLIOTECA MUNICIPAL DEL CUSCO |
||
| 082 |
_a380.85 / _bG26 |
||
| 100 |
_aGarcia Vera, José Antonio _936636 |
||
| 245 | _aLos comerciantes trujillanos (1780 - 1840) / | ||
| 260 |
_aLima : _bArtex, _c1989. |
||
| 300 |
_a60 páginas ; _c17 cm. |
||
| 505 | _aContenido : Configuración de una clase -- Hacendados comerciantes -- Mujer y producción mercantil ... | ||
| 650 |
_aMercantilismo _932923 |
||
| 650 |
_aComerciantes _937149 |
||
| 650 |
_aTrujillana _937150 |
||
| 942 |
_2ddc _cLIBROS |
||
| 945 |
_arah _d07/05/2019 |
||